| 000 | 00768nam a22002297a 4500 | ||
|---|---|---|---|
| 999 |
_c9483 _d9483 |
||
| 001 | 9483 | ||
| 003 | BD-JhCC | ||
| 005 | 20180521102235.0 | ||
| 008 | 180315b1964 bg ||||| |||| 00| 0 ben d | ||
| 035 | _a(BD-JhCC)9483 | ||
| 040 |
_aBD-JhCC _dBD-JhCC |
||
| 041 | _aben | ||
| 082 |
_a923.2547 _bASR 1964 |
||
| 100 | _aআশরাফ, শহীদ | ||
| 245 |
_aহোসেন শহীদ সোহ্ রাওয়ার্দী / _cশহীদ আশরাফ এবং এ, কে. এম, শহীদুল হক |
||
| 260 |
_aঢাকা: _bশহীদ পাবলিকেশন _c1964. |
||
| 300 |
_a272 p. : _bii _c22 cm. |
||
| 650 | _aBiography | ||
| 700 | _aহক, এ, কে. এম, শহীদুল | ||
| 942 |
_2ddc _cBK |
||